[Event "Lappeenranta We LprSK"]
[Site "Lappeenranta"]
[Date "2013.05.26"]
[Round "4"]
[White "Ruokokoski, Hannes"]
[Black "Turunen, Anssi"]
[Result "1-0"]
[WhiteElo "1469"]
[BlackElo "1401"]
[PlyCount "77"]
[EventDate "2013.05.25"]
[EventType "swiss"]
[EventRounds "5"]
[EventCountry "FIN"]
[SourceTitle "EXT 2022"]
[Source "ChessBase"]
[SourceDate "2021.10.06"]
[SourceVersion "1"]
[SourceVersionDate "2021.10.06"]
[SourceQuality "1"]

1. d4 Nf6 2. c4 e6 3. Nc3 Bb4 4. Qc2 d5 5. Bg5 Bxc3+ 6. bxc3 0-0 7. Nf3 Nbd7 8. e3 h6 9. Bh4 b6 10. cxd5 exd5 11. Be2 c5 12. 0-0 c4 13. Rae1 Qc7 14. Bg3 Qc6 15. Ne5 Nxe5 16. Bxe5 Ng4 17. Bg3 f5 18. h3 Nf6 19. Be5 a5 20. Rb1 Ra7 21. Rb2 Re7 22. Rfb1 Nd7 23. f4 Ba6 24. Bf3 b5 25. a3 Nb6 26. Bd1 Na4 27. Ra2 Qg6 28. Qd2 Rb7 29. Bxa4 bxa4 30. Rxb7 Bxb7 31. Rb2 Rf7 32. Kh2 Kh7 33. Qd1 Qc6 34. Qb1 Kh8 35. Rb6 Qd7 36. Rd6 Qe7 37. Qb6 Kh7 38. Qxa5 Qc7 39. Rxh6+ 1-0

[Event "Lappeenranta We LprSK"]
[Site "Lappeenranta"]
[Date "2013.05.25"]
[Round "3"]
[White "Turunen, Anssi"]
[Black "Pirinen, Timo"]
[Result "0-1"]
[WhiteElo "1401"]
[BlackElo "1649"]
[PlyCount "50"]
[EventDate "2013.05.25"]
[EventType "swiss"]
[EventRounds "5"]
[EventCountry "FIN"]
[SourceTitle "EXT 2022"]
[Source "ChessBase"]
[SourceDate "2021.10.06"]
[SourceVersion "1"]
[SourceVersionDate "2021.10.06"]
[SourceQuality "1"]

1. e4 d6 2. Nf3 Bg4 3. d4 Nf6 4. h3 Bh5 5. Nbd2 c6 6. e5 dxe5 7. dxe5 Nd5 8. Nc4 e6 9. a3 Be7 10. Bd2 0-0 11. Bd3 b5 12. Ne3 Nf4 13. g4 Nxd3+ 14. cxd3 Bg6 15. d4 Be4 16. Rh2 Bxf3 17. Qxf3 Qxd4 18. Bc3 Qb6 19. Ke2 Na6 20. b4 c5 21. Qe4 Rac8 22. Kf3 cxb4 23. Bd4 Bc5 24. Nc2 b3 25. Bxc5 Qxc5 0-1